000
00362nam a2200169Ia 4500
100
_a
Mishra/Jibitesh/ Mohanty/Ashok
650
_a
Software Engineering
942
_c
BK
366
_f
20
654
_a
software
245
_a
Software Engineering
260
_b
Pearson Education
_c
2012
082
_b
MIS
300
_a
387
546
_a
ENGLISH
999
_c
30554
_d
30554